[Event "Bullet Chess Winners 2023"]
[Site "chess.com INT"]
[Date "2023.07.17"]
[Round "1.10"]
[White "Ohanyan,Emin"]
[Black "Nakamura,Hi"]
[Result "0-1"]
[WhiteElo "2489"]
[BlackElo "2787"]

1.d4 g6 2.c4 Bg7 3.Nc3 c5 4.d5 Bxc3+ 5.bxc3 f5 6.h4 Qa5 7.Bd2 Nf6 8.h5 Nxh5
9.Rxh5 gxh5 10.e4 d6 11.Qxh5+ Kd8 12.exf5 Nd7 13.Bd3 Ne5 14.Be2 Qa4 15.Qh4 Bxf5
16.Nf3 Nxf3+ 17.Bxf3 b5 18.Be2 bxc4 19.g4 Bg6 20.f4 Bd3 21.Bf3 Rb8 22.f5 Rb2
23.f6 Rxd2 24.Kxd2 Qc2+ 25.Ke3 Qxc3 26.fxe7+ Kd7 27.g5 Bf5+ 28.Kf2 Qxa1  0-1

[Event "Bullet Chess Winners 2023"]
[Site "chess.com INT"]
[Date "2023.07.17"]
[Round "1.11"]
[White "Nakamura,Hi"]
[Black "Ohanyan,Emin"]
[Result "1-0"]
[WhiteElo "2787"]
[BlackElo "2489"]

1.e4 e5 2.Nc3 Nf6 3.f4 d5 4.exd5 exf4 5.Bc4 Nbd7 6.Bb3 Nc5 7.Qf3 Nxb3 8.axb3 Bd6
9.Nge2 O-O 10.O-O Bg4 11.Qf2 Re8 12.Nxf4 Bb4 13.d4 Bxc3 14.bxc3 Nxd5 15.Nxd5 Qxd5
16.c4 Qe6 17.d5 Qg6 18.Be3 h5 19.Rae1 f6 20.Bf4 c6 21.d6 Re4 22.Rxe4 Qxe4
23.h3 Bd7 24.Re1 Qf5 25.Re7 Re8 26.Qg3 Rxe7 27.dxe7 Kf7 28.Be3 Qxc2 29.Qb8 Be8
30.Qxb7 Qe4 31.Qxa7 Qxe7 32.Qd4 Qe6 33.Qc5 Qe4 34.b4 Qb1+ 35.Kh2 Qb3 36.Bf4 Kg8
37.b5 cxb5 38.Qc8 Kf7 39.Qb7+ Kg8 40.Qe7 Bf7 41.c5 Bd5 42.Qe8+ Kh7 43.Qxh5+ Kg8
44.Qe8+ Kh7 45.Bd6 Qc4 46.Bf8 Qc2 47.Qh5+ Kg8 48.Qxd5+ Kxf8 49.Qd6+ Kf7 50.c6 b4
51.c7 b3 52.Qd7+ Kg6 53.c8=Q Qxc8 54.Qxc8 b2 55.Qb7  1-0

[Event "Bullet Chess Winners 2023"]
[Site "chess.com INT"]
[Date "2023.07.17"]
[Round "1.12"]
[White "Ohanyan,Emin"]
[Black "Nakamura,Hi"]
[Result "0-1"]
[WhiteElo "2489"]
[BlackElo "2787"]

1.e4 g6 2.Nc3 Bg7 3.Nf3 a6 4.Ke2 b5 5.d4 c5 6.dxc5 Bb7 7.Be3 Qc8 8.Bd4 Nf6
9.e5 Nd5 10.Nxd5 Bxd5 11.e6 Bxf3+ 12.Kxf3 O-O 13.Bxg7 Kxg7 14.Qd4+ Kg8 15.exd7 Qb7+
16.Kg3 Nc6 17.Qd2 Qc7+ 18.f4 Rad8 19.Rd1 Nb8 20.Qe3 Nxd7 21.b4 Nf6 22.Be2 a5
23.a3 Nd5 24.Qe5 Qxe5 25.fxe5 axb4 26.axb4 Nxb4 27.Bxb5 Rc8 28.c3 Rxc5 29.cxb4 Rxb5
30.Rb1 Rfb8 31.Rhd1 Rxe5 32.Rd4 Reb5 33.h3 Kg7 34.Rc4 h5 35.h4 R8b7 36.Re1 e6
37.Ree4 e5 38.Rc5 Rxc5 39.bxc5 Kf6 40.Rc4 Rc7 41.Kf3 Ke6 42.Rc1 Kd5 43.Rd1+ Kxc5
44.Ke4 f6 45.Rf1 Rc6 46.Rd1 Rd6 47.Rc1+ Kb6 48.Rc8 Rd4+ 49.Ke3 Rxh4 50.Re8 Kc5
51.g3 Rg4 52.Kf3 e4+  0-1

[Event "Bullet Chess Winners 2023"]
[Site "chess.com INT"]
[Date "2023.07.17"]
[Round "1.2"]
[White "Ohanyan,Emin"]
[Black "Nakamura,Hi"]
[Result "1/2-1/2"]
[WhiteElo "2489"]
[BlackElo "2787"]

1.e4 g6 2.Nc3 Bg7 3.d4 a6 4.f4 b5 5.Nf3 Bb7 6.Bd3 d6 7.e5 Nd7 8.O-O c5 9.Be4 Bxe4
10.Nxe4 cxd4 11.exd6 e6 12.Nxd4 Ngf6 13.Nxf6+ Nxf6 14.Nf3 Nd5 15.c3 Qxd6
16.a4 O-O 17.Qe2 b4 18.c4 Nb6 19.Be3 Qc6 20.Bxb6 Qxb6+ 21.Kh1 b3 22.Rac1 Rac8
23.Ne5 Rfd8 24.Rfd1 Rxd1+ 25.Rxd1 Qc5 26.h3 Bxe5 27.fxe5 Qxc4 28.Qe3 Qc2
29.Rd2 Qc1+ 30.Kh2 Qc5 31.Qg5 h6 32.Qf6 Qf8 33.h4 Qg7 34.Rd8+ Rxd8 35.Qxd8+ Qf8
36.Qb6 Qa8 37.a5 h5 38.Kg1 Qe4 39.Qxa6 Qe1+ 40.Qf1 Qxa5 41.Qf6 Qa1+ 42.Kh2 Qxb2
43.Qd8+ Kh7 44.Qf6 Kg8 45.Qd8+ Kh7 46.Qf6 Kg8  1/2-1/2

[Event "Bullet Chess Winners 2023"]
[Site "chess.com INT"]
[Date "2023.07.17"]
[Round "1.3"]
[White "Nakamura,Hi"]
[Black "Ohanyan,Emin"]
[Result "1-0"]
[WhiteElo "2787"]
[BlackElo "2489"]

1.e4 e5 2.Nc3 Nf6 3.f4 d5 4.exd5 exf4 5.Bc4 Nbd7 6.Nf3 Nb6 7.Bb3 Nfxd5 8.Nxd5 Nxd5
9.d4 Be7 10.Qe2 O-O 11.Bxd5 Qxd5 12.Qxe7 Bg4 13.O-O Rfe8 14.Qc5 Bxf3 15.gxf3 Qd7
16.Bxf4 Qh3 17.Rae1 Re6 18.Rxe6 fxe6 19.Bg3 Rf8 20.Qxc7 h5 21.Be5 Rf7 22.Qd8+ Kh7
23.Qg5  1-0

[Event "Bullet Chess Winners 2023"]
[Site "chess.com INT"]
[Date "2023.07.17"]
[Round "1.14"]
[White "Ohanyan,Emin"]
[Black "Nakamura,Hi"]
[Result "0-1"]
[WhiteElo "2489"]
[BlackElo "2787"]

1.e4 c6 2.d4 g6 3.Nc3 Bg7 4.Nf3 d5 5.h3 dxe4 6.Nxe4 Nf6 7.Nxf6+ exf6 8.Be2 O-O
9.O-O Nd7 10.c3 a5 11.Re1 a4 12.Bf1 b5 13.Bf4 Nb6 14.Qd2 Be6 15.Bh6 Qd6 16.Bxg7 Kxg7
17.Rad1 Bxa2 18.Bd3 Bb3 19.Ra1 Rfe8 20.Re3 Rxe3 21.fxe3 f5 22.e4 fxe4 23.Bxe4 Re8
24.Bd3 Bd5 25.Rf1 Bxf3 26.Rxf3 f5 27.g4 f4 28.Rxf4 Nd5 29.Rf3 a3 30.bxa3 Qxa3
31.Bc2 Qa1+ 32.Qd1 Re1+  0-1

[Event "Bullet Chess Winners 2023"]
[Site "chess.com INT"]
[Date "2023.07.17"]
[Round "1.15"]
[White "Nakamura,Hi"]
[Black "Ohanyan,Emin"]
[Result "1-0"]
[WhiteElo "2787"]
[BlackElo "2489"]

1.e4 e5 2.Nc3 Nf6 3.f4 d5 4.exd5 exf4 5.Bc4 Bb4 6.Nge2 O-O 7.O-O Nbd7 8.Nxf4 Nb6
9.Bb3 Bg4 10.Qe1 Bxc3 11.dxc3 Nfxd5 12.Qg3 Nxf4 13.Qxg4 Ng6 14.Be3 Qh4 15.Qxh4 Nxh4
16.Bc5 Rfd8 17.Be7 Kh8  1-0

[Event "Bullet Chess Winners 2023"]
[Site "chess.com INT"]
[Date "2023.07.17"]
[Round "1.16"]
[White "Ohanyan,Emin"]
[Black "Nakamura,Hi"]
[Result "0-1"]
[WhiteElo "2489"]
[BlackElo "2787"]

1.e4 g6 2.d4 Bg7 3.Nc3 a6 4.Nf3 b5 5.Bd3 Bb7 6.Be3 d6 7.a4 b4 8.Nd5 a5 9.O-O Nd7
10.c3 bxc3 11.bxc3 Ngf6 12.Nxf6+ Nxf6 13.Nd2 O-O 14.Rb1 Bc6 15.d5 Be8 16.f3 Nd7
17.Qc2 Nb6 18.Bb5 e6 19.Qd3 exd5 20.exd5 Nxa4 21.Bxe8 Rxe8 22.Bd4 Bxd4+ 23.Qxd4 Nc5
24.Ne4 Nxe4 25.fxe4 Qe7 26.Rbe1 a4  0-1

[Event "Bullet Chess Winners 2023"]
[Site "chess.com INT"]
[Date "2023.07.17"]
[Round "1.17"]
[White "Nakamura,Hi"]
[Black "Ohanyan,Emin"]
[Result "1-0"]
[WhiteElo "2787"]
[BlackElo "2489"]

1.e4 e5 2.Nc3 Nf6 3.f4 d5 4.exd5 exf4 5.Bc4 Bd6 6.Nf3 O-O 7.O-O Nbd7 8.Bb3 Nb6
9.d4 Ng4 10.h3 Ne3 11.Bxe3 fxe3 12.Ne5 Qe7 13.Qh5 g6 14.Qh6 Bxe5 15.dxe5 Qxe5
16.Rae1 Re8 17.Rf3 Qg7 18.Qf4 Re7 19.d6 cxd6 20.Rexe3 Be6 21.Ne4 Kh8 22.Nf6 Nd7
23.Nxd7 Rxd7 24.Bxe6 fxe6 25.Rxe6 Qxb2 26.Rxd6 Rxd6 27.Qxd6 Qg7 28.Re3 Rf8
29.Re7 Qa1+ 30.Kh2 Qxa2 31.Qe5+  1-0

[Event "Bullet Chess Winners 2023"]
[Site "chess.com INT"]
[Date "2023.07.17"]
[Round "1.18"]
[White "Ohanyan,Emin"]
[Black "Nakamura,Hi"]
[Result "0-1"]
[WhiteElo "2489"]
[BlackElo "2787"]

1.e4 g6 2.d4 Bg7 3.Be3 a6 4.f3 d6 5.Qd2 Nd7 6.Ne2 b5 7.a4 c6 8.axb5 cxb5
9.Nbc3 Bb7 10.h4 Ngf6 11.g4 Nb6 12.b3 h5 13.g5 Nfd7 14.Nf4 O-O 15.Bd3 e5
16.Nfe2 d5 17.exd5 Nxd5 18.Nxd5 Bxd5 19.Be4 Bxe4 20.fxe4 exd4 21.Bxd4 Ne5
22.Qf4 f6 23.O-O-O Qe7 24.gxf6 Bxf6 25.Qg3 Ng4 26.Bxf6 Rxf6 27.Nc3 Rc8 28.Kb1 Qc5
29.Nd5 Qxc2+ 30.Ka1 Rf2 31.Ne7+ Kf7  0-1

[Event "Bullet Chess Winners 2023"]
[Site "chess.com INT"]
[Date "2023.07.17"]
[Round "1.19"]
[White "Nakamura,Hi"]
[Black "Ohanyan,Emin"]
[Result "1-0"]
[WhiteElo "2787"]
[BlackElo "2489"]

1.e4 e6 2.d3 d5 3.Nd2 Nc6 4.Ngf3 g5 5.g3 g4 6.Nh4 Be7 7.Qxg4 Nf6 8.Qd1 dxe4
9.dxe4 Nd7 10.Nhf3 h5 11.h4 Nde5 12.Nxe5 Nxe5 13.Be2 b6 14.f4 Ng4 15.Bxg4 hxg4
16.Qxg4 Bb7 17.Qg7 Bf6 18.Qg4 Qd4 19.Qe2 O-O-O 20.c3 Qc5 21.Nf3 Bxc3+ 22.Kf1 Bf6
23.Kg2 Qc6 24.Re1 Rdg8 25.Kh2 Rg4 26.Bd2 Qe8 27.Bc3 Bxc3 28.bxc3 Qg8 29.Rg1 f6
30.Rae1 a5 31.Ng5 Rhxh4+ 32.gxh4 Rxh4+ 33.Nh3 Qh7 34.Qg2 f5 35.Qg8+ Kd7 36.Rg7+  1-0

[Event "Bullet Chess Winners 2023"]
[Site "chess.com INT"]
[Date "2023.07.17"]
[Round "1.13"]
[White "Nakamura,Hi"]
[Black "Ohanyan,Emin"]
[Result "1-0"]
[WhiteElo "2787"]
[BlackElo "2489"]

1.e4 Nf6 2.Nc3 d5 3.e5 d4 4.Nce2 Nfd7 5.f4 c5 6.Ng3 Nc6 7.Nf3 h6 8.e6 fxe6
9.Bd3 Nf6 10.Ne5 Nxe5 11.fxe5 Nd5 12.Bg6+ Kd7 13.O-O Kc7 14.d3 b6 15.Qg4 Qd7
16.Nh5 Bb7 17.Bd2 Ne3 18.Bxe3 dxe3 19.Rae1 Qd4 20.Qxd4 cxd4 21.Rf4 Rd8 22.c3  1-0

[Event "Bullet Chess Winners 2023"]
[Site "chess.com INT"]
[Date "2023.07.18"]
[Round "2.20"]
[White "Martinez Alcantara,Jose Eduardo"]
[Black "Nakamura,Hi"]
[Result "1/2-1/2"]
[WhiteElo "2619"]
[BlackElo "2787"]

1.e4 e5 2.Nf3 Nc6 3.Nc3 Nf6 4.h3 Bb4 5.a3 Bxc3 6.dxc3 d6 7.Bd3 h6 8.Be3 Be6
9.Qe2 O-O 10.O-O-O Nd7 11.g4 f6 12.Rhg1 Qe7 13.h4 g5 14.Nh2 Qg7 15.Nf1 Kf7
16.Ng3 Rg8 17.Nf5 Qf8 18.Bc4 Nb6 19.Bxe6+ Kxe6 20.hxg5 hxg5 21.Rh1 Rh8 22.Bxb6 axb6
23.Qc4+ Kd7 24.Rxh8 Qxh8 25.Qf7+ Kc8 26.Rxd6 Kb8 27.Qxf6 Qh1+ 28.Rd1 Qxe4
29.Ne3 Ka7 30.Qf5 Qf4 31.Qxf4 exf4 32.Nd5 Rc8 33.Re1 Kb8 34.c4 Rh8 35.b3 Rh2
36.Re8+ Ka7 37.Nxc7 b5 38.cxb5 Nd4 39.Rd8 Ne2+ 40.Kb2 Kb6 41.Nd5+ Kxb5 42.Re8 Nd4
43.Re4 Kc5 44.Nc3 Rxf2 45.Na4+ Kd5 46.Nc3+ Kc5 47.Na4+ Kd5 48.Nc3+ Kc5  1/2-1/2

[Event "Bullet Chess Winners 2023"]
[Site "chess.com INT"]
[Date "2023.07.18"]
[Round "2.19"]
[White "Nakamura,Hi"]
[Black "Martinez Alcantara,Jose Eduardo"]
[Result "1-0"]
[WhiteElo "2787"]
[BlackElo "2619"]

1.e4 c5 2.Nc3 d6 3.f4 a6 4.Nf3 e6 5.d4 cxd4 6.Nxd4 b5 7.Be2 Bb7 8.Bf3 Nd7
9.Be3 Qc7 10.O-O Ngf6 11.a3 Be7 12.Qe1 h5 13.Nb3 Ng4 14.h3 Nxe3 15.Qxe3 h4
16.Rad1 O-O 17.Kh1 Rad8 18.Rfe1 Nf6 19.f5 e5 20.Qf2 Rfe8 21.Nc1 d5 22.exd5 e4
23.Nxe4 Nxd5 24.Nd3 Nf4 25.f6 Nxd3 26.cxd3 Bf8 27.fxg7 Bxg7 28.Qxh4 Bxe4
29.Bxe4 Qe5 30.Rf1 Re7 31.Rf5 Qe6 32.Rdf1 Rdd7 33.Rg5 Kf8 34.Qh7 f6 35.Rgf5 Qg8
36.Qh4 Rd6 37.Qf4 Qe6 38.Rc5 Qd7 39.Bf5 Qd8 40.Rc8  1-0

[Event "Bullet Chess Winners 2023"]
[Site "chess.com INT"]
[Date "2023.07.18"]
[Round "2.17"]
[White "Nakamura,Hi"]
[Black "Martinez Alcantara,Jose Eduardo"]
[Result "1-0"]
[WhiteElo "2787"]
[BlackElo "2619"]

1.e4 c5 2.Nc3 d6 3.f4 a6 4.Nf3 e6 5.d4 cxd4 6.Qxd4 Nf6 7.Bd3 Nc6 8.Qf2 d5
9.e5 Nd7 10.Be3 g6 11.g4 Qa5 12.O-O Be7 13.Rae1 h5 14.f5 hxg4 15.fxe6 gxf3
16.exd7+ Bxd7 17.Qxf3 Be6 18.Bf4 O-O-O 19.Bg3 Rh3 20.a3 Rdh8 21.Qg2 Qb6+
22.Kh1 Nd4 23.Ne2 Nf5 24.Bxf5 Bxf5 25.Rxf5 gxf5 26.Nf4 R3h6 27.Nxd5 Qe6 28.c4 Kb8
29.b3 Bc5 30.Nf4 Qc6 31.e6 Bd6 32.exf7 Kc8 33.Qxc6+ bxc6 34.Ng6 Bxg3 35.Re8+  1-0

[Event "Bullet Chess Winners 2023"]
[Site "chess.com INT"]
[Date "2023.07.18"]
[Round "2.18"]
[White "Martinez Alcantara,Jose Eduardo"]
[Black "Nakamura,Hi"]
[Result "1-0"]
[WhiteElo "2619"]
[BlackElo "2787"]

1.e4 c6 2.d4 d5 3.e5 Bf5 4.h4 e6 5.Bd3 Bxd3 6.Qxd3 c5 7.c3 cxd4 8.cxd4 Qa5+
9.Nc3 Bb4 10.Ne2 Qa6 11.Qg3 Ne7 12.h5 Rg8 13.Qf4 Nbc6 14.a3 Bxc3+ 15.bxc3 O-O-O
16.Qf3 Rdf8 17.h6 g5 18.g4 f6 19.exf6 Ng6 20.Bxg5 Nge5 21.dxe5 Nxe5 22.Qe3 Rxg5
23.f4 Nd3+ 24.Kd2 Rxg4 25.Qxd3 Qxd3+ 26.Kxd3 Rxf6 27.Rag1 Rxg1 28.Rxg1 Rxh6
29.Rg7 Rh3+ 30.Kd4 a5 31.Kc5 Re3 32.Kd6 Kb8 33.Nd4 Ka7 34.Nxe6 Rxc3 35.Nc5 Rxa3
36.Rxb7+ Ka8 37.Rb6 d4 38.Kc7  1-0

[Event "Bullet Chess Winners 2023"]
[Site "chess.com INT"]
[Date "2023.07.18"]
[Round "2.16"]
[White "Martinez Alcantara,Jose Eduardo"]
[Black "Nakamura,Hi"]
[Result "0-1"]
[WhiteElo "2619"]
[BlackElo "2787"]

1.e4 c6 2.d4 d5 3.Nc3 dxe4 4.Nxe4 Nf6 5.Nxf6+ gxf6 6.c3 Bf5 7.Bd3 Bg6 8.Nf3 e6
9.O-O Bd6 10.Re1 Nd7 11.h3 Qc7 12.b4 O-O 13.Bh6 Rfe8 14.Qd2 Rad8 15.Rad1 b5
16.a3 Nb6 17.Bxg6 hxg6 18.Qd3 a5 19.Bc1 a4 20.Nd2 Bf8 21.Ne4 Bg7 22.Qg3 Qxg3
23.fxg3 f5 24.Nc5 Bf8 25.Nd3 Bd6 26.Bd2 Bxg3 27.Re2 Nc4 28.Bc1 e5 29.Bg5 exd4  0-1

[Event "Bullet Chess Winners 2023"]
[Site "chess.com INT"]
[Date "2023.07.18"]
[Round "2.15"]
[White "Nakamura,Hi"]
[Black "Martinez Alcantara,Jose Eduardo"]
[Result "0-1"]
[WhiteElo "2787"]
[BlackElo "2619"]

1.e4 d5 2.Nc3 dxe4 3.Nxe4 Nf6 4.Ng3 e5 5.Bc4 Bd6 6.Nf3 O-O 7.d3 Nc6 8.Kf1 h6
9.Kg1 Bg4 10.h3 Bxf3 11.Qxf3 Nd4 12.Qd1 Qd7 13.c3 Ne6 14.Qf3 Ng5 15.Bxg5 hxg5
16.Nf5 g6 17.Ne3 Kg7 18.Re1 c6 19.Bb3 Rae8 20.g3 e4 21.dxe4 Nxe4 22.Kg2 Bc5
23.Rd1 Qc7 24.Rhe1 f5 25.Nc2 Bxf2 26.Nd4 Bxe1 27.Rxe1 Qe5 28.Bc2 c5 29.Nb3 b6
30.Nc1 Qd6 31.Rd1 Qe5 32.Nd3 Qf6 33.b4 Qxc3 34.Rc1 Qd2+ 35.Kg1 Nc3 36.Bd1 Re1+
37.Nxe1 Qxc1 38.Kg2 Nxd1 39.Nd3 Qd2+ 40.Kg1 Qe3+ 41.Kg2 Qxf3+ 42.Kxf3 c4
43.Ne5 c3 44.Nd3 c2 45.Ke2 Rd8 46.Nc1 Nc3+ 47.Ke3 Rd1 48.Nb3 c1=Q+ 49.Nxc1 Rxc1
50.Kd2 Nxa2 51.b5 Rb1 52.Kd3 Rxb5 53.Kc4 Rc5+ 54.Kd4 b5 55.Kd3 Rc4 56.Ke3 a5
57.Kd3 a4 58.Kd2 Nb4 59.Ke3 a3 60.Kd2 a2 61.Ke3 a1=Q 62.Kf2 Qa3 63.Kg2 Rc2+  0-1

[Event "Bullet Chess Winners 2023"]
[Site "chess.com INT"]
[Date "2023.07.18"]
[Round "2.14"]
[White "Martinez Alcantara,Jose Eduardo"]
[Black "Nakamura,Hi"]
[Result "0-1"]
[WhiteElo "2619"]
[BlackElo "2787"]

1.e4 e6 2.d4 d5 3.Nd2 Nf6 4.exd5 Nfd7 5.dxe6 fxe6 6.Ngf3 Bd6 7.Bd3 O-O 8.O-O e5
9.Nc4 exd4 10.Nxd6 cxd6 11.Nxd4 Ne5 12.Be2 Nbc6 13.Be3 Qh4 14.Nxc6 Nxc6 15.Qxd6 Bf5
16.c3 Rad8 17.Qg3 Qe7 18.Rad1 Be6 19.Bg5 Qf7 20.Bxd8 Nxd8 21.Rfe1 Bxa2 22.Bg4 Nc6
23.Rd7 Qf6 24.Rxb7 Bd5 25.h4 Ne5 26.Rb4 Nd3 27.Qxd3 Qxf2+  0-1

[Event "Bullet Chess Winners 2023"]
[Site "chess.com INT"]
[Date "2023.07.18"]
[Round "2.13"]
[White "Nakamura,Hi"]
[Black "Martinez Alcantara,Jose Eduardo"]
[Result "1-0"]
[WhiteElo "2787"]
[BlackElo "2619"]

1.e3 Nf6 2.Nf3 d5 3.d4 c6 4.c4 Bg4 5.Nc3 Bxf3 6.gxf3 e6 7.e4 g6 8.e5 Ng8
9.h4 Ne7 10.h5 Nf5 11.hxg6 fxg6 12.Bd3 dxc4 13.Bxf5 exf5 14.a4 Qd7 15.Qe2 Na6
16.Qxc4 Nb4 17.Ne2 Qd5 18.Qxd5 Nxd5 19.Nf4 Nc7 20.Nxg6 hxg6 21.Rxh8 Kd7 22.Ke2 Ne6
23.Bh6 Nxd4+ 24.Kf1 Ne6 25.Rd1+ Ke7 26.Rh7+ Ke8 27.Bxf8 Nxf8 28.Rxb7  1-0

[Event "Bullet Chess Winners 2023"]
[Site "chess.com INT"]
[Date "2023.07.18"]
[Round "2.12"]
[White "Martinez Alcantara,Jose Eduardo"]
[Black "Nakamura,Hi"]
[Result "0-1"]
[WhiteElo "2619"]
[BlackElo "2787"]

1.e4 g6 2.d4 Bg7 3.c3 c6 4.Bd3 d5 5.Nd2 dxe4 6.Nxe4 Nf6 7.Ng3 h5 8.Nf3 h4
9.Ne4 h3 10.Nxf6+ exf6 11.g3 Bg4 12.Be2 Nd7 13.O-O O-O 14.Nd2 Bxe2 15.Qxe2 Nb6
16.Qg4 Qd7 17.Qxd7 Nxd7 18.Re1 Rfe8 19.Kf1 f5 20.Nc4 Nf6 21.f3 b5 22.Ne5 c5
23.dxc5 Rac8 24.Nd3 Red8 25.Nf2 Rxc5 26.Nxh3 b4 27.cxb4 Rc2 28.Nf2 Nd5 29.Re2 Rdc8
30.Rxc2 Rxc2 31.a3 Bd4 32.Nd3 Rxh2 33.Ke1 g5 34.Bxg5 Rh1+  0-1

[Event "Bullet Chess Winners 2023"]
[Site "chess.com INT"]
[Date "2023.07.18"]
[Round "2.11"]
[White "Nakamura,Hi"]
[Black "Martinez Alcantara,Jose Eduardo"]
[Result "1-0"]
[WhiteElo "2787"]
[BlackElo "2619"]

1.e4 d5 2.Nc3 dxe4 3.Nxe4 Nf6 4.Ng3 g6 5.Nf3 Bg7 6.Bc4 O-O 7.O-O Nc6 8.Re1 Bg4
9.c3 e6 10.d4 Na5 11.Be2 Nc6 12.h3 Bxf3 13.Bxf3 Qd7 14.Bg5 Rab8 15.Qd2 Ne7
16.Rad1 c6 17.Qf4 Nf5 18.Bxf6 Bxf6 19.Nxf5 exf5 20.d5 cxd5 21.Rxd5 Qc8 22.Red1 Qe8
23.Rd7 Qe5 24.Qxe5 Bxe5 25.Bxb7 Rfe8 26.Bd5 Rf8 27.Rd2 Kg7 28.g3 a5 29.f4 Bf6
30.a4 Rbd8 31.Bc4 Rc8 32.Bb5 Rcd8 33.Rxd8 Rxd8 34.Rxd8 Bxd8 35.Kf2 Bb6+ 36.Kf3 h5
37.b4 Kf6 38.bxa5 Bxa5 39.c4 Bb6 40.Ke2 Ke7 41.Bc6 Kd6 42.Bd5 Ke7 43.Kf3 Kf6
44.Kg2 Ke7 45.Kf1 Kf6 46.Ke2 Ke7 47.Kd3 Kf6 48.Kc3 Bf2 49.a5 Bxg3 50.a6 Bf2
51.Kb4 Ba7 52.Kb5 Ke7 53.Kc6 f6 54.Kb7 Bc5 55.h4 g5 56.fxg5  1-0

[Event "Bullet Chess Winners 2023"]
[Site "chess.com INT"]
[Date "2023.07.18"]
[Round "2.10"]
[White "Martinez Alcantara,Jose Eduardo"]
[Black "Nakamura,Hi"]
[Result "1-0"]
[WhiteElo "2619"]
[BlackElo "2787"]

1.e4 e6 2.d4 d5 3.Nd2 Bb4 4.c3 Be7 5.Bd3 c5 6.Ngf3 cxd4 7.cxd4 Nc6 8.O-O dxe4
9.Nxe4 Nf6 10.Nc3 O-O 11.a3 b6 12.Be3 Bb7 13.Qe2 Rc8 14.Rad1 Na5 15.Ne5 Nc6
16.Nf3 h6 17.Rfe1 Na5 18.Ne5 Bxa3 19.Qd2 Bb4 20.Bxh6 Nb3 21.Qg5 Ne8 22.Qh5 Nf6
23.Qg5 Ne8 24.Qh5 Nf6 25.Qh4 Ne4 26.Qh3 Bxc3 27.Bxg7 Kxg7 28.Bxe4 Bxe4 29.Rxe4 Bxd4
30.Qg3+ Kf6 31.Qh4+ Kg7 32.Rg4+  1-0

[Event "Bullet Chess Winners 2023"]
[Site "chess.com INT"]
[Date "2023.07.18"]
[Round "2.9"]
[White "Nakamura,Hi"]
[Black "Martinez Alcantara,Jose Eduardo"]
[Result "1-0"]
[WhiteElo "2787"]
[BlackElo "2619"]

1.e4 d5 2.Nc3 d4 3.Nce2 e5 4.Ng3 Nc6 5.Bc4 a6 6.d3 Na5 7.Nf3 Nxc4 8.dxc4 f6
9.Nh4 Be6 10.b3 g6 11.O-O Bd6 12.f4 exf4 13.Bxf4 Bxf4 14.Rxf4 Qd6 15.Rf2 O-O-O
16.Nf3 Ne7 17.Ne1 Ng8 18.Nd3 h5 19.Qd2 h4 20.Ne2 g5 21.Re1 Nh6 22.Rxf6 Ng4
23.e5 Nxe5 24.Nef4 Nxd3 25.Nxd3 Rde8 26.Qxg5 Rhg8 27.Qf4 Qd7 28.Qf2 h3 29.g3 Bg4
30.Ne5 Qe7 31.Rf4 Bh5 32.Rxd4 Rgf8 33.Rf4 Rg8 34.Rfe4 Qb4 35.Qf5+ Kb8 36.Qxh5 Ka8
37.Qe2 Rgf8 38.Nd3 Qb6+ 39.c5 Rxe4 40.cxb6  1-0

[Event "Bullet Chess Winners 2023"]
[Site "chess.com INT"]
[Date "2023.07.18"]
[Round "2.8"]
[White "Martinez Alcantara,Jose Eduardo"]
[Black "Nakamura,Hi"]
[Result "0-1"]
[WhiteElo "2619"]
[BlackElo "2787"]

1.e4 g6 2.d4 Bg7 3.c3 a6 4.Bd3 d6 5.Nf3 Nd7 6.O-O e5 7.Re1 Ngf6 8.Nbd2 O-O
9.Nf1 b6 10.Ng3 Bb7 11.a4 Re8 12.h3 exd4 13.cxd4 c5 14.d5 Rc8 15.Bf4 c4 16.Bc2 Nc5
17.Qd2 b5 18.axb5 axb5 19.Kh1 Qb6 20.Rad1 b4 21.Bh6 Bh8 22.Qf4 Nfd7 23.Qh4 Ne5
24.Ng5 f6 25.Ne6 Ncd3 26.Bxd3 Nxd3 27.Be3 Qb5 28.Nf5 gxf5 29.exf5 Qd7 30.Qg4+ Bg7
31.Rxd3 cxd3 32.Bh6 Re7 33.Bxg7 Rxg7 34.Qd4 Rf7 35.Re3 Kh8 36.Kh2 Rg8 37.Rxd3 Qa4
38.b3 Qb5 39.Nf4 Qe8 40.Ne6 Qb5 41.Nf4 Qc5 42.Qe4 Qxf2 43.Rf3 Qb2 44.Qe6 Rfg7
45.Ng6+ hxg6 46.Rf4 Qe5  0-1

[Event "Bullet Chess Winners 2023"]
[Site "chess.com INT"]
[Date "2023.07.18"]
[Round "2.7"]
[White "Nakamura,Hi"]
[Black "Martinez Alcantara,Jose Eduardo"]
[Result "1/2-1/2"]
[WhiteElo "2787"]
[BlackElo "2619"]

1.e4 c5 2.Nc3 d6 3.f4 a6 4.Nf3 Nf6 5.d4 cxd4 6.Nxd4 e6 7.Be3 Be7 8.Qf3 Nc6
9.O-O-O h5 10.h3 Qc7 11.g4 Nxd4 12.Bxd4 e5 13.g5 exd4 14.gxf6 dxc3 15.fxe7 cxb2+
16.Kb1 Qxe7 17.Rg1 g6 18.Bc4 Be6 19.Bxe6 Qxe6 20.f5 Qf6 21.e5 Qxf5 22.Qxb7 O-O
23.exd6 Rfc8 24.Rg2 Rab8 25.Qd5 Qxd5 26.Rxd5 Rc3 27.d7 Rd8 28.Kxb2 Rxh3 29.c4 Re3
30.c5 Re6 31.Kc3 Kf8 32.Rgd2 Ke7 33.R5d4 Rc6 34.Kc4 Rc7 35.Re4+ Kf8 36.Red4 Ke7
37.Re4+ Kf8 38.Red4 Ke7  1/2-1/2

[Event "Bullet Chess Winners 2023"]
[Site "chess.com INT"]
[Date "2023.07.18"]
[Round "2.6"]
[White "Martinez Alcantara,Jose Eduardo"]
[Black "Nakamura,Hi"]
[Result "1/2-1/2"]
[WhiteElo "2619"]
[BlackElo "2787"]

1.e4 g6 2.d4 Bg7 3.c3 d6 4.Bd3 Nd7 5.Nf3 e5 6.O-O Ne7 7.Re1 O-O 8.Nbd2 b6
9.Nf1 Bb7 10.Ng3 c5 11.d5 a6 12.a4 Rc8 13.Bg5 c4 14.Bc2 h6 15.Be3 Nc5 16.Qd2 Kh7
17.Kh1 b5 18.axb5 axb5 19.Ra7 Qb6 20.Rea1 Ra8 21.Rxa8 Rxa8 22.Rxa8 Bxa8 23.Qc1 Qa6
24.Qb1 Bb7 25.h4 Bc8 26.h5 Bg4 27.hxg6+ fxg6 28.Nh2 Bd7 29.Bxc5 dxc5 30.Nf3 Nc8
31.Nf1 Nd6 32.Ne3 b4 33.Qc1 b3 34.Bd1 Nxe4 35.Be2 Nd6 36.Nd2 Bb5 37.Qf1 Qa2
38.Ndxc4 Nxc4 39.Bxc4 Bd7 40.Qe2 e4 41.g3 h5 42.Kg2 Bxc3 43.Qd1 Qxb2 44.Qxb3 Qxb3
45.Bxb3 Bd4 46.Bc2 Bf5 47.Nxf5 gxf5 48.f3 e3 49.Bxf5+ Kg7 50.Bd3 Kf6 51.f4 Ke7
52.Kf3 Kd6 53.Ke4 Bf6 54.Be2 h4 55.gxh4 Bxh4 56.Kxe3 Kxd5 57.Bf3+ Kd6 58.Be2 Bf6
59.Bc4 Bd4+ 60.Ke4 Ba1 61.Kf5 Bd4 62.Ke4 Bb2 63.Kd3 Bd4 64.Kd2 Bb2 65.Kc2 Bd4
66.Kd3 Ke7 67.f5 Kf6 68.Ke4 Be5 69.Bd5 Bd4 70.Bc4 Bg1 71.Bd5 Bf2 72.Bc4 Bg1
73.Bd5 Bh2 74.Be6 Bd6 75.Kf3 Bf8 76.Ke4 Be7 77.Kd5 Bf8 78.Kc6 Be7 79.Kd7 Bf8
80.Ke8 Bd6 81.Kd7 Be5 82.Kc6 Bd4 83.Kd5 Bg1 84.Ke4 Bf2 85.Kf3 Bd4 86.Bd7 Bb2
87.Be6 Ba3 88.Ke4 Bb4 89.Kd5 Ba3 90.Kc4 Ke5 91.Kb5 Kd6 92.Kc4 Ke5 93.Kd3 Bb4
94.Kc4 Kf6 95.Kd3 Ba3 96.Kc4 Bb4 97.Kd3 Ba3 98.Kc4  1/2-1/2

[Event "Bullet Chess Winners 2023"]
[Site "chess.com INT"]
[Date "2023.07.18"]
[Round "2.5"]
[White "Nakamura,Hi"]
[Black "Martinez Alcantara,Jose Eduardo"]
[Result "1-0"]
[WhiteElo "2787"]
[BlackElo "2619"]

1.e4 c5 2.Nc3 d6 3.f4 a6 4.Nf3 e6 5.d4 cxd4 6.Qxd4 Nf6 7.Qf2 b5 8.Bd3 Bb7
9.a3 Be7 10.O-O O-O 11.e5 Nd5 12.Ne4 g6 13.Qg3 Nc6 14.h4 Kh8 15.h5 Rg8 16.Nfg5 Bxg5
17.Nxg5 Qd7 18.exd6 f6 19.hxg6 fxg5 20.fxg5 Rg7 21.b3 e5 22.Bb2 Qxd6 23.gxh7 Rd8
24.Rae1 Nf4 25.Rxf4 exf4 26.Bxg7+ Kxg7 27.Qh4 Ne5 28.Qh6+ Qxh6 29.gxh6+ Kf6
30.Rf1 f3 31.gxf3 Nxd3 32.cxd3 Rh8 33.Kf2 Rxh7 34.Rh1 Kg6 35.Re1 Kf6 36.Rh1 Kg6
37.Ke3 Rxh6 38.Rc1 Kf5 39.Rc7 Rb6 40.Kd4 Bxf3 41.Rf7+ Kg4 42.Ke5 Rc6 43.Rf4+ Kg3
44.Rf8 Rc5+ 45.Kd4 Rd5+ 46.Ke3 Rd6 47.Rxf3+ Kg4 48.Rf4+ Kg5 49.Re4 Rc6 50.b4 Kf6
51.Kd4 Rc3 52.Kxc3  1-0

[Event "Bullet Chess Winners 2023"]
[Site "chess.com INT"]
[Date "2023.07.18"]
[Round "2.4"]
[White "Martinez Alcantara,Jose Eduardo"]
[Black "Nakamura,Hi"]
[Result "1-0"]
[WhiteElo "2619"]
[BlackElo "2787"]

1.e4 g6 2.d4 Bg7 3.c3 d6 4.Bd3 Nd7 5.Nd2 e5 6.Ngf3 Ngf6 7.O-O O-O 8.Re1 b6
9.Nf1 Bb7 10.Ng3 Re8 11.h3 exd4 12.cxd4 c5 13.d5 a6 14.a4 Rc8 15.Bf4 c4 16.Bc2 Nc5
17.Rb1 b5 18.axb5 axb5 19.Qd2 Qb6 20.Bh6 Ncd7 21.Bxg7 Kxg7 22.Nd4 Kh8 23.Rbd1 Nc5
24.Kh1 b4 25.Qg5 Qd8 26.Qf4 b3 27.Bb1 Ba6 28.Nc6 Rxc6 29.dxc6 Ne6 30.Qxd6 Qxd6
31.Rxd6 Rc8 32.Red1 Ne8 33.Rd7 Kg7 34.e5 Rxc6 35.Ne4 Bc8 36.Ra7 N6c7 37.Nd6 Be6
38.Be4 Rc5 39.f4 c3 40.bxc3 Rxc3 41.Rb7 Kf8 42.Kh2 Na6 43.Nxe8 Kxe8 44.Rd3 Rxd3
45.Bxd3 Nc5 46.Rb8+ Kd7 47.Bb1 Kc7 48.Rb4 Kc6 49.g4 Na6 50.Ra4 Kb5 51.Rd4 Nb4
52.f5 Bc4 53.e6 fxe6 54.f6 e5 55.Rxc4 Kxc4 56.f7  1-0

[Event "Bullet Chess Winners 2023"]
[Site "chess.com INT"]
[Date "2023.07.18"]
[Round "2.3"]
[White "Nakamura,Hi"]
[Black "Martinez Alcantara,Jose Eduardo"]
[Result "1-0"]
[WhiteElo "2787"]
[BlackElo "2619"]

1.b3 Nf6 2.Bb2 c5 3.Nf3 d5 4.e3 g6 5.d4 cxd4 6.Nxd4 Bg7 7.Nf3 O-O 8.Be2 Nc6
9.O-O Re8 10.Nbd2 e5 11.c4 d4 12.exd4 exd4 13.Re1 Bf5 14.Bf1 Rxe1 15.Nxe1 Qa5
16.Bd3 Bg4 17.Nef3 Rd8 18.h3 Bc8 19.a3 Qc7 20.b4 a6 21.Nb3 Nh5 22.Bf1 Nf4
23.b5 axb5 24.cxb5 Ne5 25.Nfxd4 Qd6 26.Qc2 Qf6 27.Re1 Qg5 28.Kh1 Bd7 29.Qe4 b6
30.Bc1 Ned3 31.Bxd3  1-0